مكتبة جامعة عجلون الوطنية

فهرس بحث المكتبة

Normal view MARC view
  • الشعراء العرب - عصر صدر الاسلام - 610 -661، النمر بن تولببن زهير بن قيس

Entry Topical Term

Number of records used in: 1

001 - CONTROL NUMBER

  • control field: 7525

003 - CONTROL NUMBER IDENTIFIER

  • control field: JO-AjAnu

005 - DATE AND TIME OF LATEST TRANSACTION

  • control field: 20230606071521.0

008 - FIXED-LENGTH DATA ELEMENTS

  • fixed length control field: 230606|| aca||aabn | a|a d

040 ## - CATALOGING SOURCE

  • Original cataloging agency: JO-AjAnu
  • Transcribing agency: JO-AjAnu

150 ## - HEADING--TOPICAL TERM

  • Topical term or geographic name entry element: الشعراء العرب - عصر صدر الاسلام - 610 -661، النمر بن تولببن زهير بن قيس

670 ## - SOURCE DATA FOUND

  • Source citation: Work cat.: (JO-AjAnu)3891: إعداد العربيات، وعد محمد مفلح؛ إشراف هاني الرفاعي, author 7524, النمر بن تولب: حياته وشعره